000 02942nab a2200265 i 4500
003 BR-BrBNA
005 20240425111027.0
008 240425b2014 bl.qr|pooa||| 00| 0 eng |
040 _aBR-BrBNA
_beng
072 _aF60
100 _aScherer, R.
100 _aGodoy, H.T.
245 _aEffects of extraction methods of phenolic compounds from Xanthium strumarium L. and their antioxidant activity
500 _aPublicação on-line; 28 ref.; 3 tables; Summaries (En, Pt)
520 _a RESUMO: Foram avaliados os efeitos de métodos de extração e de solventes sobre o rendimento de extrato, conteúdo de fenólicos totais, atividade antioxidante, e composição dos compostos fenólicos de Xanthium strumarium L. A atividade antioxidante foi determinada pelo método do radical 2,2-difenil-1-picrilhidrazila (DPPH), e a composição dos compostos fenólicos foi determinada por cromatografia líquida de alta eficiência e por espectrometria de massas com ionização por electrospray. Todos os resultados foram afetados pelo método de extração e, principalmente pelo solvente utilizado, sendo que os melhores resultados foram obtidos com o solvente metanol. Os extratos metanólico e etanólico apresentaram forte ação antioxidante e os principais compostos fenólicos encontrados nos extratos foram os ácidos ferúlico e clorogênico. Palavras-chave: Xanthium strumarium, carrapicho, atividade antioxidante, compostos fenólicos, IAA
520 _a ABSTRACT: Efeito de métodos de extração de compostos fenólicos de Xanthium strumarium L. e suas atividades antioxidantes. The effect of extraction methods and solvents on overall yield, total phenolic content, antioxidant activity, and the composition of the phenolic compounds in Xanthium strumarium extracts were studied. The antioxidant activity was determined by using 2,2-diphenyl-1-picrylhydrazyl radical (DPPH), and the composition of the phenolic compounds was determined by HPLC-DAD and LC/MS. All results were affected by the extraction method, especially by the solvent used, and the best results were obtained with the methanol extract. The methanolic and ethanolic extracts exhibited strong antioxidant activity, and the chlorogenic and ferulic acids were the most abundant phenolic compounds in the extracts. Keywords: Xanthium strumarium, common cocklebur, antioxidant activity, phenolic compounds, AAI.
650 _aXANTHIUM STRUMARIUM
650 _aCARRAPICHO
650 _aANTIOXIDANTE
650 _aCOMPOSTO FENÓLICO
773 0 _03543
_9314768
_dBotucatu-SP Instituto de Biociências - Departamento de Química e Bioquímica 1998
_o2024-1020
_tRevista Brasileira de Plantas Medicinais (Brazil)
_x1516-0572
_gv. 16(1) p. 41-46; (2014)
_wBR2024000690
856 _uhttps://www.scielo.br/j/rbpm/a/QdYnzBYMxJxCmdnyHmYdqHN/?format=pdf&lang=en
942 _cAnalítica
999 _c299322
_d299322